00789nam a22001337a 4500008004100000020001800041050001500059100001800074245006500092250001200157260005600169300001400225500041600239200228b xxu||||| |||| 00| 0 eng d a9780335237463 aRC454.B471 aBennett, Paul aAbnormal and clinical psychology: an introduction textbook./ a3rd ed. aLondon:bMcGraw Hill /Open University Press,c2011. aix,533p.: aContents: Part 1 background and methods: introduction; the psychological perspective; new directions in cognitive therapy; biological explanations and treatment; beyond the individual Part 2: Somatoform disorders, schizophrenia, anxiety disorers, mood disorders, trauma related conditions, sexual disorders, personality disorders, eatind disorders, developmental disorders, neurological disorders, addictions.